000 00704cam2a220022900 4500
001 tmp15726524
003 UPRA
005 20190823084930.0
008 951012s1968 gw ger u
035 _a(Sirsi) r54712
035 _a(UPRA)tmp15726524
040 _cUPRA
100 1 _aNultsch, Wilhelm.
_6A13519.1
245 1 0 _aAllgemeine Botamik, Kurzes Lehrbuch fur Mediziner und Naturwissenschaftler /
_cZeichnungen von K.-H. Seeber.
250 _a3., uberarbeitete Aufl.
260 _aStuttgart :
_bThieme,
_c1968.
504 _aBibliography: p. 373.
650 0 _aBotany.
_6S817.1
949 _aQK47
_wlcc
_i33729000338579
_mMAIN
_p2500
_tBOOK
_lON-SHELF
004 54712
987 _a245 : typo?
999 _c141005
_d141005